| 000 | 00799nam a2200229 a 4500 | ||
|---|---|---|---|
| 001 | BRCA_5783 | ||
| 005 | 20190320205220.0 | ||
| 008 | 090311t1909----mx-######l---#000-0#spa-# | ||
| 041 | _aspa | ||
| 044 | _amx | ||
| 050 | 4 |
_aHG1642 _b.B36 _c1909 |
|
| 245 | 1 | 0 |
_aBanco Central Mexicano. _cBanco Central Mexicano. |
| 260 |
_aMéxico _bTipografía de Bouligny and Schmidt. _c1909 |
||
| 300 |
_a163 p. _c25 cm. |
||
| 500 | _aEstatútos vigentes; cláusulas de la escritura social; escritura constitutiva; ley de constituciones de créditos; contrato de conseción; diversas reformas a la escritura social; Sumarios. | ||
| 500 | _aH82 | ||
| 650 | 1 | 4 |
_aBancos _zMéxico _914669 |
| 650 | 1 | 4 |
_aLeyes Mexicanas _zMéxico _914670 |
| 710 | 2 |
_aBanco Central Mexicano. _911009 |
|
| 902 | _aGFM | ||
| 942 |
_2lcc _cB |
||
| 999 |
_c5472 _d5472 |
||